Wnt signaling in embryonic development /

Bibliographic Details
Other Authors: Sokol, Sergei Y.
Format: Book
Language:English
Published: Amsterdam ; Boston, Mass. : Elsevier Science Pub, [2007]
Series:Advances in developmental biology (Amsterdam, Netherlands) ; v. 17.
Subjects:

MARC

Tag First Indicator Second Indicator Subfields
LEADER 00000cam a2200000I 4500
001 in00004502221
005 20191203131730.0
008 070223s2007 ne af b 001 0 eng d
015 |a GBA713185 
016 7 |a 013674308  |2 Uk 
020 |a 0444528741 
020 |a 9780444528742 
029 1 |a YDXCP  |b 2464290 
035 |a (OCoLC)ocm84915852 
035 |a (OCoLC)84915852 
035 |z (UtOrBLW)42629 
035 |a 60606 
040 |a UUM  |c UUM  |d UKM  |d YDXCP  |d BAKER  |d TMV  |d UtOrBLW 
049 |a TMVM  |c 1 
050 0 |a QL971  |b .W25 2007 
060 4 |a QP 552.W58  |b W836 2007 
082 0 0 |a 571.86  |2 22 
245 0 0 |a Wnt signaling in embryonic development /  |c editor, Sergei Y. Sokol. 
264 1 |a Amsterdam ;  |a Boston, Mass. :  |b Elsevier Science Pub,  |c [2007] 
264 4 |c ©2007 
300 |a xiii, 248 pages, 4 unnumbered leaves of plates :  |b illustrations (some color) ;  |c 24 cm. 
336 |a text  |2 rdacontent  |b txt 
337 |a unmediated  |2 rdamedia 
338 |a volume  |2 rdacarrier  |b nc 
490 1 |a Advances in developmental biology ;  |v 17 
504 |a Includes bibliographical references and index. 
650 0 |a Developmental biology. 
650 0 |a Embryology. 
650 0 |a Wnt proteins. 
650 0 |a Wnt genes. 
650 2 |a Wnt Proteins. 
650 2 |a Embryonic and Fetal Development. 
700 1 |a Sokol, Sergei Y. 
830 0 |a Advances in developmental biology (Amsterdam, Netherlands) ;  |v v. 17. 
999 |a MARS 
999 f f |s 9659277a-1cdf-3ca6-be70-6cb7a64a2d03  |i 6b04d5e1-0bff-3f83-ad52-33143361b78c  |t 0 
952 f f |p ric  |a Texas A&M University  |b Rellis Campus  |c Joint Library Facility  |d Remote Storage  |t 0  |e QP 552.W58 W836 2007  |h National Library of Medicine classification  |i unmediated -- volume  |m 3238901935448 
998 f f |a QP 552.W58 W836 2007  |t 0  |l Remote Storage